| 000 | 00597nam a22001937a 4500 | ||
|---|---|---|---|
| 005 | 20251015093145.0 | ||
| 008 | 251015b |||||||| |||| 00| 0 eng d | ||
| 020 | _a978-1-107-00694-2 | ||
| 040 |
_aNational Science Library _cNational Science Library |
||
| 080 |
_a343.533(4) _bQ2 |
||
| 100 | _aSterckx, Sigrid | ||
| 245 |
_aExclusions from patentability: _bHow far has the european patent office eroded boundaries? |
||
| 260 |
_aCambridge: _bCambridge University Press, _c2012 |
||
| 300 | _axxix, 341p. | ||
| 650 | _aPatent | ||
| 650 | _aMedical | ||
| 650 | _aDiscoveries | ||
| 942 |
_2udc _cBK |
||
| 999 |
_c67842 _d67842 |
||